| 000 | 00707nam a2200229Ia 4500 | ||
|---|---|---|---|
| 003 | GCL | ||
| 005 | 20240530105221.0 | ||
| 008 | 140319s9999 xx 000 0 ara d | ||
| 040 |
_aGCL / _cGCL |
||
| 082 | 0 | 4 |
_a348.05 _bم د |
| 100 | 1 | _aمعوض عبدالتواب | |
| 245 | 1 | 0 |
_aدعاوى الحراسة / _cمعوض عبدالتواب |
| 260 |
_a[S.N] : _bمكتبه النهضه المصريه ، _c1988 |
||
| 300 | _a317 ص | ||
| 490 |
_aسلسلة الكتب القانونية _v0 |
||
| 650 | 0 | 4 | _aالقانون |
| 650 | 0 | 4 | _aالقاطرات |
| 650 | 0 | 4 | _aالحراسة |
| 650 | 0 | 4 | _aتنفيذ الاحكام |
| 650 | 0 | 4 | _aالمدعى العام الاشتراكى |
| 942 |
_2ddc _cBK |
||
| 999 |
_c54045 _d54045 |
||